[Event "USA-ch Women 2020"]
[Site "Saint Louis"]
[Date "2020.10.21"]
[Round "1.1"]
[White "Abrahamyan, Tatev"]
[Black "Cervantes Landeiro, Thalia"]
[Result "1-0"]
[WhiteElo "2358"]
[BlackElo "2311"]
[Annotator "TA"]
[PlyCount "87"]
[EventDate "2020.10.21"]
[EventType "tourn"]
[EventCountry "USA"]
[SourceTitle "playchess.com"]
[Source "ChessBase"]
[SourceQuality "1"]

{[%evp 10,87,23,24,22,22,18,0,4,0,23,11,13,0,1,8,26,22,40,-39,-23,-33,0,0,0,-8,35,48,59,38,40,4,56,54,55,24,77,39,34,29,49,48,117,116,124,131,123,122,184,183,230,228,317,322,317,303,304,289,337,336,381,412,614,380,543,510,593,349,594,603,802,800,1316,1347,1624,1746,1390,1246,1313,1250]} 1. e4 e5 2. Nf3 Nc6 3. Bc4 Bc5 4. O-O Nf6 5. d3 d6 6. c3 a5 {C54: Giuoco Piano: 4 c3 Nf6, main lines with 5 d4 and 5 d3.} 7. a4 h6 8. Nbd2 O-O {The position is equal.} 9. Re1 Bb6 10. Nf1 Ne7 11. Ng3 Ng6 12. h3 c6 13. Bb3 Bc7 {[#]} 14. Be3 $146 (14. d4 $14) ({Predecessor:} 14. d4 Re8 15. Be3 d5 16. dxe5 Nxe4 17. Nxe4 dxe4 18. Qxd8 Rxd8 19. Nd2 Nxe5 20. Nxe4 {0-1 (55) Gunina,V (2507)-Stefanova,A (2481) Tbilisi 2018}) 14... d5 $1 $15 15. Qd2 Kh7 16. Rad1 Be6 {[#] Hoping for ...d4.} 17. Bc2 Qd7 (17... Re8 {seems wilder.} 18. Qc1 Qc8 19. d4 exd4 20. Bxd4 Bxg3 21. exd5 Bxd5 22. Bxf6 Bxf3 23. Rxe8 Qxe8 24. gxf3 Bb8) 18. d4 Nxe4 19. Nxe4 dxe4 20. Nxe5 (20. dxe5 $5 {[%cal Rd2d7]} Qxd2 21. Nxd2 $14) 20... Bxe5 (20... Nxe5 $11 21. dxe5 Qxd2 22. Bxe4+ (22. Rxd2 Kg8 $11) 22... Kg8 23. Rxd2 (23. Bxd2 Bxe5 24. Be3 Bc7 $11) 23... Bxe5) 21. dxe5 $14 Qxd2 22. Bxd2 Rfd8 (22... Kg8 $11 {remains equal.}) 23. Bc1 ({Much weaker is} 23. Bxe4 Bb3 $15) 23... Nxe5 24. Bxe4+ g6 25. Bc2 $36 {[%mdl 2048] White has some pressure.} Nc4 {Black is on the road to losing.} ({Black should play} 25... Rxd1 $14 26. Rxd1 Re8) 26. b3 $16 Nb6 27. c4 Nd7 28. Ba3 {Be7 is the strong threat.} c5 (28... Nf6 $16 29. g4 Rxd1 30. Rxd1 Ne8) 29. Rd6 Nf6 30. Bxc5 Ne8 31. Rxd8 Rxd8 32. Rd1 Ra8 33. Bb6 Nf6 34. Rd8 Ra6 35. Bd4 Kg7 (35... Bf5 $142) 36. Be5 Rc6 (36... Bf5 $142) 37. Rb8 $18 Rb6 38. Bc7 Rc6 $2 {[#]} (38... Nd7 {was called for.} 39. Bxb6 Nxb8 40. Bxa5 Kf8) 39. Bxa5 {White is clearly winning.} Bc8 40. Bc3 b6 41. Be4 Re6 42. Bd5 Re8 43. Rxb6 Be6 44. Bxe6 {Av CentiPawn Loss W=-21/B=-55. Weighted=-21/-47} 1-0

[Event "USA-ch Women 2020"]
[Site "Saint Louis"]
[Date "2020.10.21"]
[Round "1.2"]
[White "Foisor, Sabina-Francesca"]
[Black "Derakhshani, Dorsa"]
[Result "0-1"]
[WhiteElo "2228"]
[BlackElo "2270"]
[Annotator "TA"]
[PlyCount "64"]
[EventDate "2020.10.21"]
[EventType "tourn"]
[EventCountry "USA"]
[SourceTitle "playchess.com"]
[Source "ChessBase"]
[SourceQuality "1"]

{[%evp 10,64,6,1,15,5,13,-3,0,0,8,11,12,8,16,19,27,14,22,23,30,0,0,0,0,-8,0,0,0,0,83,0,111,108,108,109,108,104,144,101,85,0,0,0,0,-633,-609,-1364,-1361,-1292,-1272,-29986,-29987,-29988,-29989,-29989,-29990]} 1. d4 Nf6 2. Nf3 e6 3. Bf4 b6 4. e3 Bb7 5. Bd3 d5 6. Nbd2 Nbd7 {D02: 1 d4 d5 2 Nf3 sidelines, including 2...Nf6 3 g3 and 2...Nf6 3 Bf4.} 7. Qe2 Bd6 8. Bg3 Ne4 {[#] The position is equal.} 9. Bxd6 $146 ({Predecessor:} 9. O-O a6 10. c4 O-O 11. cxd5 Nxg3 12. hxg3 exd5 13. Rac1 Re8 14. Rc2 Nf6 15. Rfc1 {0-1 (32) Castellanos Rodriguez,R (2491)-Grandelius,N (2643) Tallinn 2016}) 9... cxd6 10. c4 f5 11. cxd5 Bxd5 12. O-O O-O 13. Bc4 Ndf6 14. Nxe4 fxe4 15. Nd2 Bxc4 16. Nxc4 Rc8 17. Rac1 b5 18. Nd2 Qa5 19. a3 a6 {[#]} (19... h6 $11) 20. h3 (20. Nxe4 $1 $16 {[%mdl 512]} Nxe4 21. Rxc8 Rxc8 22. Qg4 {[%mdl 64] Double Attack}) 20... Rc7 {[#]} (20... Qd8 $11) 21. Nb3 $1 $16 {[%cal Rb3a5]} Qb6 22. Rxc7 Qxc7 23. Rc1 Qf7 24. Na5 g5 {[#]} 25. Rc6 (25. g3 $1 $16) 25... g4 $1 $11 26. hxg4 {Black must now prevent g5.} Qg6 27. Rxd6 $2 {[%mdl 8192]} (27. Qc2 $11) 27... Nxg4 $19 {Strongly threatening ...Qh5.} 28. Kf1 Nh2+ 29. Ke1 Qxg2 30. f4 exf3 {[%csl Gf3][%cal Rg2e2] Black mates.} 31. Qf2 Ng4 32. Qxg2 fxg2 {Av CentiPawn Loss W=-100/B=-12. Weighted=-158/-18} 0-1

[Event "USA-ch Women 2020"]
[Site "Saint Louis"]
[Date "2020.10.21"]
[Round "1.3"]
[White "Nguyen, Emily"]
[Black "Wang, Annie"]
[Result "0-1"]
[WhiteElo "2280"]
[BlackElo "2384"]
[Annotator "TA"]
[PlyCount "80"]
[EventDate "2020.10.21"]
[EventType "tourn"]
[EventCountry "USA"]
[SourceTitle "playchess.com"]
[Source "ChessBase"]
[SourceQuality "1"]

{[%evp 19,80,2,5,16,74,8,4,0,0,0,0,0,0,0,12,-1,0,16,24,2,21,9,70,54,59,51,60,0,0,0,41,39,38,0,0,0,0,0,0,0,0,0,0,0,0,0,0,0,0,-4,-9,-17,36,54,65,79,90,-29990,-29991,-29994,-29995,-29995,-29996]} 1. d4 Nf6 2. Nf3 e6 3. c4 d5 4. Nc3 Bb4 5. cxd5 exd5 6. Qa4+ Nc6 7. Bg5 O-O 8. e3 h6 9. Bxf6 Qxf6 10. Be2 Be6 11. a3 {D38: Queen's Gambit Declined: Ragozin Defence (4 Nf3 Bb4).} Be7 {11...Bxc3+ is a critical line.} (11... Bxc3+ $11 {remains equal.} 12. bxc3 Qg6) 12. O-O (12. Qb3 $16) 12... a6 $11 13. b4 {The position is equal.} Bd6 {[#]} 14. Qb3 $146 ({Predecessor:} 14. Qc2 Ne7 15. b5 a5 16. Na4 b6 17. Nc3 Bf5 18. Bd3 Bg4 19. Be2 Bf5 20. Bd3 Bg4 21. Be2 Bf5 {½-½ (21) Dautov,R (2607)-Mesaros,F (2372) Germany 2017}) 14... Ne7 15. Na4 Rad8 16. Nc5 Bc8 17. Rfc1 Rfe8 18. a4 Nf5 19. b5 {[%cal Rb5a6]} a5 20. Nd3 Nh4 (20... h5 $11) 21. Nxh4 $14 Qxh4 22. g3 Qf6 23. b6 (23. Bf1 $14) 23... c6 $11 24. Qc3 Bf5 25. Qxa5 h5 $1 26. Nc5 h4 $1 {[%cal Rh4g3]} 27. Qd2 (27. Nxb7 hxg3 28. hxg3 Bxg3 $19) 27... hxg3 28. hxg3 Qg5 {And now ...Bxg3! would win.} 29. Bf3 ({Don't go for} 29. Nxb7 $2 Bxg3 30. Bf3 (30. Nxd8 $2 Bh4+ 31. Bg4 Qxg4+ 32. Kf1 Be4 $19) 30... Bf4+ 31. Kf1 {[#]} Bxe3 $1 $19 {[%mdl 512]}) 29... Bxc5 $1 30. Rxc5 Rd6 31. a5 $36 {[%mdl 2048] Black is under pressure.} Rh6 32. Qe2 Qg6 {aiming for ...Bd3.} 33. Qf1 Bh3 34. Bg2 Bg4 {White must now prevent ...Qh5.} 35. f3 Qh5 ({Black should play} 35... Bf5 $11 36. Qf2 Bd3) 36. Kf2 $14 {Strongly threatening a6.} Rf6 37. Qh1 $1 {[%cal Rh1h5] Hoping for Qxh5.} Qf5 38. e4 $2 {[%mdl 8192] [#]} (38. Rc3 $16) 38... Qxe4 $1 {Black mates.} 39. Qd1 Qe3+ 40. Kf1 Bxf3 {Av CentiPawn Loss W=-39/B=-10. Weighted=-86/-9} 0-1

[Event "USA-ch Women 2020"]
[Site "Saint Louis"]
[Date "2020.10.21"]
[Round "1.4"]
[White "Eswaran, Ashritha"]
[Black "Krush, Irina"]
[Result "0-1"]
[WhiteElo "2244"]
[BlackElo "2429"]
[Annotator "TA"]
[PlyCount "70"]
[EventDate "2020.10.21"]
[EventType "tourn"]
[EventCountry "USA"]
[SourceTitle "playchess.com"]
[Source "ChessBase"]
[SourceQuality "1"]

{[%evp 18,70,17,-12,18,6,15,-24,-12,-21,7,-62,-61,-62,-63,-68,-68,-102,-78,-97,0,-77,-7,-10,-7,-43,-44,-47,0,-69,-49,-158,-161,-243,-242,-270,39,41,130,117,267,270,267,262,240,-2461,-2259,-6391,-2834,-29990,-29991,-29991,-29992,-29998,-29999]} 1. e4 c5 2. Nf3 d6 3. d4 cxd4 4. Nxd4 Nf6 5. Nc3 e6 6. g3 Nc6 7. Bg2 Bd7 8. O-O a6 9. Kh1 Be7 10. f4 O-O {B80: Sicilian Scheveningen: 6 g3 and 6 Be3, including English Attack.} 11. Nb3 b5 {[%cal Bb7b5,Bb5b4][%mdl 32]} 12. Be3 b4 {Black has an edge.} 13. Ne2 {[#]} Qc7 $146 ({Predecessor:} 13... e5 14. f5 Na5 15. Nxa5 Qxa5 16. c4 h6 17. Nc1 Qc7 18. Qe2 Rfc8 19. b3 Bc6 20. Bd2 Qb7 21. Re1 a5 22. Nd3 Re8 23. Nf2 Bd8 {½-½ (23) Escofet Fernandez,J (2202)-Miranda,M (2318) Rio de Janeiro 1999}) 14. Ng1 (14. Rc1 $11) 14... a5 $15 15. g4 {[#]} d5 $1 {[%mdl 512]} 16. e5 (16. exd5 Nxd5) 16... Ne4 17. g5 Rfc8 18. Nd2 Na7 (18... Bc5 $17 19. Bxc5 Nxc5) 19. Rc1 (19. Nxe4 $11 dxe4 20. Bxe4) 19... Bc6 (19... Nxd2 $17 20. Qxd2 Nb5) 20. Nxe4 $11 dxe4 21. Nh3 Nb5 {[%cal Ba7b5,Bb5d4,Bd4f5][%mdl 32]} 22. Nf2 Rd8 23. Qh5 (23. Qe2 $11) 23... Nd4 $15 24. Ng4 ({Don't blunder} 24. Nxe4 $2 Qb7 $19) (24. Bxe4 $2 Bxe4+ 25. Nxe4 Qc6 $19) ({White should try} 24. Bxd4 $1 $15 Rxd4 25. Qe2) 24... Nf5 $17 25. Rce1 (25. Rfe1 $142) 25... Bb7 $19 26. Rg1 Bc5 $2 {[#]} (26... Qxc2 $19 {And now ...g6 would win.} 27. Re2 Qc7) 27. Nf6+ $1 $14 {[%mdl 512]} gxf6 ({Black should play} 27... Kf8 $1 $14 28. Bxc5+ Qxc5) 28. gxf6 $16 {Threatens to win with Bh3+.} Kh8 (28... Kf8 $16 {is a better defense.} 29. Qxh7 Ke8) 29. Bh3 $1 $18 {[%cal Rh3f5]} Rg8 ({Worse is} 29... Nxe3 30. Rg7 $1 {[%mdl 512]} Nxc2 31. Qxh7#) 30. Bxf5 exf5 {[#]} 31. Rg5 $4 {[%mdl 8192]} (31. Qh6 $1 $18 {[%mdl 512]} Rg6 32. Rxg6 fxg6 33. Bxc5) 31... Rxg5 $19 32. Qxg5 Rg8 33. Qh6 Bxe3 {[%mdl 64] Discovered Attack. Black mates.} 34. Rxe3 Qxc2 {[%csl Gg8][%cal Rc2g2]} 35. Rg3 e3+ {Av CentiPawn Loss W=-108/B=-79. Weighted=-125/-57} 0-1

[Event "USA-ch Women 2020"]
[Site "Saint Louis"]
[Date "2020.10.21"]
[Round "1.5"]
[White "Zatonskih, Anna"]
[Black "Samadashvili, Martha"]
[Result "1/2-1/2"]
[WhiteElo "2420"]
[BlackElo "2215"]
[Annotator "TA"]
[PlyCount "80"]
[EventDate "2020.10.21"]
[EventType "tourn"]
[EventCountry "USA"]
[SourceTitle "playchess.com"]
[Source "ChessBase"]
[SourceQuality "1"]

{[%evp 22,80,14,7,47,48,45,14,20,39,30,19,20,3,20,0,0,0,0,0,0,0,3,0,1,6,4,5,8,7,8,0,0,0,5,0,0,0,0,0,0,0,0,0,0,0,0,0,0,-7,0,-12,-10,-5,-5,-5,0,-6,0,-4,0]} 1. d4 Nf6 2. Nf3 e6 3. c4 d5 4. Nc3 Bb4 5. Bg5 h6 6. Bxf6 Qxf6 7. Qb3 Bxc3+ 8. Qxc3 c6 9. e3 O-O 10. Bd3 Nd7 11. O-O dxc4 12. Bxc4 c5 {D43: Semi-Slav: 5 Bg5 h6.} 13. Rfd1 cxd4 14. Nxd4 Nb6 {[#]} 15. Be2 $146 ({Predecessor:} 15. Bb3 Bd7 16. Qa5 e5 17. Nb5 Bc6 18. Nd6 Nd7 19. Rac1 b6 20. Qa6 Nb8 21. Qd3 {1-0 (31) Vacek,R (2240)-Sykora,J Czechia 1998}) 15... Bd7 16. Bf3 e5 {[#] And now ...Rac8 would win.The position is equal.} 17. Nb3 Rfc8 18. Qd2 Bc6 19. Bxc6 Rxc6 20. Na5 Nc4 21. Nxc4 Rxc4 22. Rac1 Rac8 23. Rxc4 Rxc4 $11 {[%mdl 4096] Endgame KQR-KQR} 24. h3 g6 25. b3 Rc6 26. Qd3 Kg7 27. Qe4 h5 28. g3 Qe6 29. Kg2 (29. g4 {feels hotter.} hxg4 30. hxg4 Rd6 31. Rxd6 Qxd6 32. Kh2) 29... Ra6 30. Rd2 Qc6 31. Qxc6 Rxc6 {KR-KR} 32. Rd7 Ra6 33. Rd2 Kf6 34. Kf3 Ke6 35. e4 Rc6 36. Ke3 Rc3+ 37. Rd3 Rc2 38. Rd2 Rc3+ 39. Rd3 Rc2 40. Rd2 Rc3+ {Av CentiPawn Loss W=-2/B=-2. Weighted=-3/-3} 1/2-1/2

[Event "USA-ch Women 2020"]
[Site "Saint Louis"]
[Date "2020.10.21"]
[Round "1.6"]
[White "Yip, Carissa"]
[Black "Yu, Jennifer"]
[Result "1/2-1/2"]
[WhiteElo "2421"]
[BlackElo "2315"]
[Annotator "TA"]
[PlyCount "200"]
[EventDate "2020.10.21"]
[EventType "tourn"]
[EventCountry "USA"]
[SourceTitle "playchess.com"]
[Source "ChessBase"]
[SourceQuality "1"]

{[%evp 12,200,34,17,35,18,17,8,10,16,15,0,4,0,0,0,0,-39,-20,-29,0,0,0,-8,0,-8,0,-10,0,-2,27,18,30,20,49,52,79,5,17,22,22,19,28,32,36,2,0,7,7,0,0,0,0,0,0,-11,22,0,0,-17,29,0,0,0,12,14,64,58,60,72,79,80,77,23,68,12,22,0,0,0,0,0,0,0,33,39,100,21,18,0,26,9,160,152,155,18,114,0,0,0,0,0,0,-448,103,99,135,134,260,8,8,8,16,17,85,8,8,8,68,68,61,62,113,8,235,218,179,0,8,0,0,0,0,0,130,123,174,63,470,464,1247,734,667,650,628,384,375,331,368,0,0,0,0,-22,0,0,0,-37,0,0,0,0,0,0,0,0,0,0,0,0,0,0,0,0,0,0,0,0,0,0,0,0,0,0,0,0,0,-8,0,0,0]} 1. e4 e5 2. Nf3 Nc6 3. Bc4 Bc5 4. O-O Nf6 5. d3 d6 6. c3 h6 7. Re1 O-O {C54: Giuoco Piano: 4 c3 Nf6, main lines with 5 d4 and 5 d3.} 8. Nbd2 a5 9. h3 Be6 10. Bb5 Qb8 11. Nf1 Qa7 12. Be3 Bxe3 13. Nxe3 Ne7 14. Qc2 c6 15. Bc4 d5 16. exd5 $1 cxd5 17. Bb5 $1 {[#]} Qb6 $146 ({Predecessor:} 17... Qc5 18. a4 Qd6 19. d4 e4 20. Nd2 Nh5 21. c4 f5 22. cxd5 Nxd5 23. Ndc4 Nxe3 24. Rxe3 Bxc4 25. Qxc4+ {1-0 (45) Arjun,K (2483)-Anuj,S (2390) New Delhi 2019}) 18. a4 Ng6 19. Nf1 Qc7 20. Qe2 {[%cal Rf3e5]} e4 21. Nd4 {[%cal Rd3e4]} Bd7 22. dxe4 dxe4 23. Ng3 Rfe8 24. Qc4 (24. Bxd7 $1 $16 Qxd7 25. Qc2) 24... Qxc4 25. Bxc4 Rad8 26. Bb3 Re5 27. Nf1 Nf4 28. Bc2 Rg5 29. Ng3 Re8 $1 30. Re3 N4d5 31. Ree1 {[%cal Rg3e4]} Nf4 32. Rad1 h5 33. Nde2 N4d5 {With the idea ...h4.} 34. Nd4 $36 {[%cal Rg3e4][%mdl 2048] White is more active.} Nf4 35. Nde2 N4d5 {White should prevent ...h4.} 36. h4 Rge5 37. Bb3 Bg4 38. Rd4 Ne7 39. Nf4 $1 {[%cal Rf4d3] Black must now prevent Nd3!} Nc6 40. Rd6 Kf8 41. Nd5 Nxd5 42. Rxd5 (42. Bxd5 $16 {[%cal Re1e4]} e3 43. f3) 42... f5 43. Rd7 (43. Rd6 $1 $14) 43... R5e7 $11 44. Rxe7 (44. Rd6 {feels hotter.} Ne5 45. Rb1 g6 46. Bd5 Kg7 47. Rb6) 44... Rxe7 45. Bd1 (45. Bd5 {seems wilder.} Ne5 46. Rb1 b6 47. b4 Ra7 48. c4) 45... Bxd1 46. Rxd1 {[%mdl 4096] Endgame KRN-KRN} g6 47. Ne2 Ke8 48. Nf4 Kf7 (48... Ne5 $14) 49. Rd6 (49. b3 $16) 49... Ne5 50. Rd5 b6 51. Kf1 Nc4 $2 (51... e3 $11) 52. b3 $16 Ne5 53. Rd6 (53. Ke2 $16) 53... Rb7 (53... Rc7 $11) 54. Ke2 (54. c4 $16) 54... b5 $11 55. Rd5 bxa4 $1 56. bxa4 Nc4 57. Rb5 $2 {[%mdl 8192]} (57. Rc5 $11 {and White is okay.} Rb2+ 58. Kf1 Rb1+ 59. Ke2 Rb2+ 60. Kf1 Rb1+ 61. Ke2 Rb2+) 57... Rd7 $2 (57... Rxb5 $19 58. axb5 a4) 58. Rc5 $1 $16 {[%cal Rc5c4]} Nb6 59. Rxa5 Nc4 (59... Rc7 $16 60. Ra6 Nc4) 60. Rd5 $2 (60. Rc5 $1 $18 {[%cal Rc5c4]} Nb2 61. a5) 60... Ra7 $11 61. a5 Nxa5 62. Ke3 Nc6 {[#]} (62... Nc4+ $11 {keeps the balance.} 63. Kd4 Na5) 63. Rd6 (63. Nxg6 $1 $16 {[%mdl 512] Threatens to win with Rd6.} Kxg6 64. Rd6+ {[%mdl 64] Double Attack} Kf7 65. Rxc6) 63... Ne7 64. c4 Ra3+ (64... Rc7 $1 $11) 65. Kd4 $14 Ra2 66. Nh3 $1 Ke8 {[#]} ({Better is} 66... Nc8 $14 67. Ng5+ Ke8 68. Re6+ (68. Rxg6 Ne7 $14) 68... Kd7) 67. c5 (67. Ke5 $1 $16) 67... Rd2+ $2 (67... Rc2 $1 $11 {and Black has nothing to worry.}) 68. Ke5 $18 Rc2 69. Kd4 $2 (69. Kf6 $18 {Re6 is the strong threat.} Rxc5 70. Re6) 69... Rd2+ $11 70. Kc4 Rc2+ 71. Kb5 Rb2+ 72. Ka6 e3 (72... Rc2 $11 {remains equal.}) 73. fxe3 $16 Rxg2 {[#]} (73... Rc2 $16 {keeps fighting.}) 74. c6 ({White must play} 74. Kb7 $1 $18) 74... Re2 $2 {[%mdl 8192]} (74... Nxc6 $14 75. Rxc6 Rg4) 75. c7 $18 Rxe3 (75... Ra2+ $142 76. Kb5 Rb2+ 77. Ka4 Rc2) 76. Ng5 {[%csl Gc7][%cal Rd6d8]} Ra3+ 77. Kb5 {[%csl Gc7][%cal Rd6d8]} Ra8 78. Kc5 Nc8 79. Rd8+ Ke7 80. Rg8 $2 ({White should try} 80. Nf3 $18) 80... Kd7 $11 81. Rg7+ Ne7 82. Kd4 Rc8 83. Ke5 Rxc7 84. Kf6 Kd6 85. Nf7+ {The position is equal.} Kd5 86. Ng5 $1 Kd6 87. Nf7+ Kc5 88. Ng5 Nd5+ 89. Kxg6 {Strongly threatening Ne6+.} Rxg7+ 90. Kxg7 {KN-KN} Kd4 91. Kg6 Ke5 92. Kxh5 Kf6 93. Nf3 Nf4+ 94. Kh6 Ne6 95. Kh7 f4 96. Kh6 Kf5 97. Kh5 Ng7+ 98. Kh6 Ne6 99. Kh5 Ng7+ 100. Kh6 Ne6 {Black escapes into a draw. Av CentiPawn Loss W=-35/B=-34. Weighted=-36/-41} 1/2-1/2

[Event "USA-ch Women 2020"]
[Site "Saint Louis"]
[Date "2020.10.21"]
[Round "2.1"]
[White "Cervantes Landeiro, Thalia"]
[Black "Yu, Jennifer"]
[Result "1/2-1/2"]
[WhiteElo "2311"]
[BlackElo "2315"]
[Annotator "TA"]
[PlyCount "100"]
[EventDate "2020.10.21"]
[EventType "tourn"]
[EventCountry "USA"]
[SourceTitle "playchess.com"]
[Source "ChessBase"]
[SourceQuality "1"]

{[%evp 9,100,20,39,27,42,20,24,16,18,14,25,27,20,14,10,0,-20,-20,-19,-2,-23,-2,0,-148,-110,-152,-118,-104,-106,-116,-104,-116,-116,-116,-100,-121,-125,-124,-123,-120,-120,-124,-121,-224,-200,-279,-293,-283,-245,-260,-265,-250,-179,-184,-178,-195,-204,-189,-167,-179,-181,-185,-181,-181,-149,-142,-82,-82,-75,-75,0,-59,-59,-59,-59,-387,0,0,0,0,8,8,8,8,8,-8,-8,-8,-8,-8,-8,-8,-8]} 1. d4 d5 2. c4 c6 3. Nf3 Nf6 4. e3 e6 5. b3 Ne4 6. Qc2 {D30: Queen's Gambit Declined: Systems without Nc3.} f5 7. Bd3 Bb4+ 8. Nbd2 {White has an edge.} Nd7 9. a3 Bd6 10. Bb2 Qf6 11. b4 {[#]} g5 $146 ({Predecessor:} 11... O-O 12. Nb3 Qg6 13. O-O Qh5 14. Ne5 Rf6 15. Qe2 Qh4 16. g3 Qh3 17. f3 Nxg3 18. hxg3 Qxg3+ {½-½ (76) Nguyen,N (2632)-Sengupta,D (2586) Chengdu 2017}) 12. b5 g4 13. bxc6 bxc6 14. cxd5 cxd5 15. Bxe4 fxe4 16. Ne5 (16. Qc6 $11 Rb8 17. Qxd6) 16... O-O 17. O-O Nxe5 ({Much less strong is} 17... Bxe5 18. dxe5 Qf7 19. Qc6 $15) 18. dxe5 Bxe5 19. Bxe5 Qxe5 20. Qc6 Rb8 21. Rab1 Rxb1 22. Rxb1 Qf6 23. Rf1 Qb2 $36 {[%mdl 2048] White is under strong pressure.} 24. Nb1 Qb6 25. Qxb6 axb6 $17 {[%mdl 4096] Endgame KRB-KRN} 26. Nc3 (26. Rc1 $17 {keeps fighting.}) 26... Ba6 $19 27. Rb1 Rc8 28. Na2 Bd3 29. Rb2 Ra8 30. h3 gxh3 ({Don't play} 30... Rxa3 31. hxg4 Bc4 32. Nb4) 31. Rxb6 Rxa3 32. Nb4 Ra1+ 33. Kh2 hxg2 34. Kxg2 Rb1 35. Kg3 Kf7 36. Kf4 h5 37. Kg5 {intending Rb7+.} Rg1+ (37... Ke7 $142 $1 {[%cal Re7d7] Hoping for ...Kd7.} 38. Nc6+ Kd6 39. Rxb1 Bxb1) 38. Kxh5 $17 Rg2 39. Nc6 Rxf2 (39... Be2+ $17 40. Kh4 Kf6) 40. Nd8+ (40. Ne5+ $11 Ke7 41. Nc6+ Kd7 42. Ne5+ Ke7 43. Nc6+ Kd7 44. Ne5+ Ke7) 40... Ke7 $1 $15 {[%cal Re7d8]} 41. Nxe6 Rf6 42. Nf4 $2 {[%mdl 8192] [#]} ({White must play} 42. Nc7 $1 $15 Bc4 43. Rb7) 42... Rxb6 $2 ({Black should play} 42... Rxf4 $1 $19 {[%mdl 512]} 43. exf4 e3) 43. Nxd5+ $11 {The position is equal.} Kd6 44. Nxb6 {KB-KN} Kc5 45. Nd7+ Kc4 46. Nf6 $1 Kc5 47. Nxe4+ Bxe4 48. Kg5 Kd5 49. Kf4 Bb1 50. e4+ Bxe4 {Av CentiPawn Loss W=-19/B=-18. Weighted=-17/-15} 1/2-1/2

[Event "USA-ch Women 2020"]
[Site "Saint Louis"]
[Date "2020.10.21"]
[Round "2.2"]
[White "Samadashvili, Martha"]
[Black "Yip, Carissa"]
[Result "1/2-1/2"]
[WhiteElo "2215"]
[BlackElo "2421"]
[Annotator "TA"]
[PlyCount "81"]
[EventDate "2020.10.21"]
[EventType "tourn"]
[EventCountry "USA"]
[SourceTitle "playchess.com"]
[Source "ChessBase"]
[SourceQuality "1"]

{[%evp 17,81,0,0,5,20,17,21,17,18,-65,-56,-68,-47,-55,-39,-74,0,-2,-6,-82,-63,-96,15,0,0,0,0,0,0,0,0,0,0,0,0,0,0,-31,0,-3,15,-6,97,102,160,72,95,40,91,74,72,0,91,37,304,0,0,0,0,0,0,0,0,0,0,0]} 1. e4 e5 2. Nf3 Nc6 3. Nc3 Nf6 4. d4 exd4 5. Nxd4 Bb4 6. Nxc6 bxc6 7. Bd3 O-O 8. O-O d5 9. exd5 cxd5 10. h3 {C47: Scotch Four Knights and Four Knights with 4 g3.} Bb7 11. Qf3 Rb8 12. Bg5 Be7 {[#] And now ...d4 would win.} 13. Bxf6 $146 ({Better is} 13. Rfe1 $11) ({Predecessor:} 13. Rfe1 d4 14. Ne4 Nxe4 15. Bxe7 Qxe7 16. Bxe4 Bxe4 17. Rxe4 Qc5 18. b3 Rfe8 19. Rae1 Rxe4 20. Qxe4 {½-½ (69) Areshchenko,A (2652)-Ponomariov,R (2692) Linares 2017}) 13... Bxf6 $15 14. Rad1 Ba8 15. Na4 Qd6 16. b3 Rb4 (16... Rfe8 $17) 17. c4 $11 g6 18. Qe3 (18. Bc2 $11) 18... Qc6 {[%cal Rd5c4]} 19. Rfe1 a5 (19... dxc4 $17 {[%csl Ga8][%cal Rc6g2]} 20. Be4 Qxe4 21. Qxe4 Bxe4 22. Rxe4 Rfb8) 20. cxd5 Qxd5 {[%csl Ga8][%cal Rd5g2]} 21. Bf1 Bd4 22. Qg3 c5 23. Nc3 {[%cal Ba4c3,Bc3e2,Be2f4][%mdl 32]} Qc6 24. Ne2 Bg7 25. Nf4 Re4 26. Rxe4 Qxe4 27. Nd3 Bd4 (27... c4 $5 {[%cal Rc4d3]} 28. Re1 Qd4 29. bxc4 Qxc4 $15) 28. Qf4 Qc6 29. Ne5 Bxe5 (29... Qd6 $11 30. Nd3 Qxf4 31. Nxf4 Rd8) 30. Qxe5 $16 a4 (30... Re8 $142 31. Qf4 Rc8) 31. Rc1 (31. Rd6 $142 Qb7 32. bxa4) 31... axb3 32. axb3 (32. Rxc5 $16 b2 33. Rxc6) 32... Qb7 ({Black should try} 32... Qd5 $14 33. Rxc5 Qxb3) 33. Rc3 Rd8 34. Qe2 (34. Qxc5 $16 Rd1 35. f3) 34... Rd5 {[#]} (34... Qb4 $11 {remains equal.} 35. Qe5 Rd1) 35. Re3 ({White should play} 35. b4 $1 $16 {[%mdl 512] Black must now prevent Qe8+.} Rg5 (35... Qxb4 36. Qe8+) 36. f3) 35... Rg5 $2 {[%mdl 8192]} (35... Rd8 $14) 36. Rg3 $2 (36. Re8+ $18 Kg7 37. f4) 36... Rxg3 $11 {The position is equal.} 37. Qe8+ Kg7 {[%cal Rg3g2]} 38. Qe5+ Kg8 {[%cal Rg3g2]} 39. Qe8+ Kg7 {[%cal Rg3g2]} 40. Qe5+ Kg8 {[%cal Rg3g2]} 41. Qe8+ {Av CentiPawn Loss W=-28/B=-29. Weighted=-44/-47} 1/2-1/2

[Event "USA-ch Women 2020"]
[Site "Saint Louis"]
[Date "2020.10.21"]
[Round "2.3"]
[White "Krush, Irina"]
[Black "Zatonskih, Anna"]
[Result "1/2-1/2"]
[WhiteElo "2429"]
[BlackElo "2420"]
[Annotator "TA"]
[PlyCount "67"]
[EventDate "2020.10.21"]
[EventType "tourn"]
[EventCountry "USA"]
[SourceTitle "playchess.com"]
[Source "ChessBase"]
[SourceQuality "1"]

{[%evp 17,67,20,24,26,36,0,16,8,5,14,32,8,40,40,40,26,40,40,46,49,34,8,18,12,12,12,13,13,13,10,16,7,7,2,4,-5,0,-7,0,0,8,0,4,0,7,0,14,15,16,16,16,16]} 1. d4 d5 2. c4 e6 3. Nc3 Be7 4. cxd5 exd5 5. Bf4 Nf6 6. e3 O-O 7. Bd3 c5 8. dxc5 Bxc5 9. Nge2 $1 {9.Nge2 is better than 9.Nf3.} Nc6 10. O-O {D35: Queen's Gambit Declined: Exchange Variation.} d4 {[#]} 11. Ne4 $146 (11. Na4 {with more complications.} Bd6 12. Rc1 Bxf4 13. exf4 Re8 14. a3) ({Predecessor:} 11. exd4 Nxd4 12. Be5 Nc6 13. Bxf6 Qxf6 {½-½ (13) Kuzubov,Y (2647)-Berkes,F (2678) Valjevo 2018}) 11... Be7 12. Nxf6+ Bxf6 13. e4 Bd7 14. Bg3 Qb6 15. Nf4 Nb4 16. Bc4 Bg5 17. a3 Bxf4 18. Bxf4 Be6 19. Be2 d3 {The position is equal.} 20. Bxd3 Nxd3 21. Qxd3 Qxb2 22. Rab1 Qf6 23. Qg3 b6 24. Be5 (24. h4 {feels hotter.} Rac8 25. f3 Rfe8 26. Rfd1 Red8 27. Be5) 24... Qg6 25. Qxg6 hxg6 26. Rfd1 Rfc8 27. Rbc1 Rxc1 (27... Bb3 {seems wilder.} 28. Rxc8+ Rxc8 29. Rb1 g5 30. f3 Be6) 28. Rxc1 $11 {[%mdl 4096] Endgame KRB-KRB} Rd8 29. f3 f6 30. Bc3 Kf7 31. h4 Rd7 32. Kf2 Rc7 33. Bd2 Rxc1 34. Bxc1 {Av CentiPawn Loss W=-6/B=-6. Weighted=-6/-7} 1/2-1/2